Living beyond the limits : (Record no. 8661)

MARC details
000 -LEADER
fixed length control field 00993cam a2200277 a 4500
001 - CONTROL NUMBER
control field 725022
003 - CONTROL NUMBER IDENTIFIER
control field GBCCL
005 - DATE AND TIME OF LATEST TRANSACTION
control field 20241126110655.0
008 - FIXED-LENGTH DATA ELEMENTS--GENERAL INFORMATION
fixed length control field 980114s1998 tnua 000 0aeng
010 ## -
-- 98011788
020 ## - INTERNATIONAL STANDARD BOOK NUMBER
International Standard Book Number 0785271848 (hardcover)
040 ## - CATALOGING SOURCE
Original cataloging agency DLC
Transcribing agency DLC
Modifying agency DLC
050 00 -
-- BV4501.2
-- .G72455 1998
082 00 - DEWEY DECIMAL CLASSIFICATION NUMBER
Classification number 248.4
Edition information 21
Item number GRA
100 1# - MAIN ENTRY--PERSONAL NAME
Personal name Graham, Franklin,
Dates associated with a name 1952-
9 (RLIN) 15273
245 10 - TITLE STATEMENT
Title Living beyond the limits :
Remainder of title a life in sync with God /
Statement of responsibility, etc. Franklin Graham.
260 ## - PUBLICATION, DISTRIBUTION, ETC.
Place of publication, distribution, etc. Nashville, Tenn. :
Name of publisher, distributor, etc. T. Nelson,
Date of publication, distribution, etc. c1998.
300 ## - PHYSICAL DESCRIPTION
Extent xv, 216 p. :
Other physical details ill. ;
Dimensions 24 cm.
600 10 - SUBJECT ADDED ENTRY--PERSONAL NAME
Personal name Graham, Franklin,
Dates associated with a name 1952-
9 (RLIN) 15273
650 #0 - SUBJECT ADDED ENTRY--TOPICAL TERM
Topical term or geographic name entry element Christian life.
9 (RLIN) 183
650 #0 - SUBJECT ADDED ENTRY--TOPICAL TERM
Topical term or geographic name entry element Christian biography.
9 (RLIN) 1119
856 42 - ELECTRONIC LOCATION AND ACCESS
Materials specified Publisher description
Uniform Resource Identifier <a href="http://www.loc.gov/catdir/enhancements/fy0609/98011788-d.html">http://www.loc.gov/catdir/enhancements/fy0609/98011788-d.html</a>
906 ## - LOCAL DATA ELEMENT F, LDF (RLIN)
a 7
b cbc
c orignew
d 1
e ocip
f 19
g y-gencatlg
942 ## - ADDED ENTRY ELEMENTS (KOHA)
Source of classification or shelving scheme Dewey Decimal Classification
Koha item type Books
Holdings
Withdrawn status Lost status Source of classification or shelving scheme Damaged status Not for loan Home library Current Library Shelving location Date acquired Total checkouts Full call number Barcode Date last seen Copy number Price effective from Koha item type
    Dewey Decimal Classification     GRACE BIBLE COLLEGE GRACE BIBLE COLLEGE Ministry & Mission 2021-07-14   248.4 GRA 020316 2025-05-01 c.1 2021-07-14 Books
© Grace Bible College Library 2025